Tvorba e-leraningového učebného textu

Salvato in:
Dettagli Bibliografici
Autore principale: Kmeť, Andrej (Autore)
Altri autori: Tóblová, Eva, 1978- (Relatore della tesi)
Natura: Manoscritto Libro
Pubblicazione: STU v Bratislave MTF UIPH KIPP, 2010
Tags: Aggiungi Tag
Nessun Tag, puoi essere il primo ad aggiungerne!!

MARC

LEADER 00000ntm a22000003a 4500
001 stu221021
005 20160719160425.5
008 110208s2010----------------------------d
040 |a STU  |b slo 
041 0
100 1 |a Kmeť, Andrej  |4 aut 
245 1 |a Tvorba e-leraningového učebného textu 
260 |b STU v Bratislave MTF UIPH KIPP,  |c 2010 
300 |a 32 s 
700 1 |a Tóblová, Eva,  |d 1978-  |4 ths  |u M220  |U MTF Ústav inžinierskej pedagogiky a humatitných vied  |T MTF Katedra inžinierskej pedagogiky a psychológie  |X 3820  |U M220  |Y M220  |7 A000003820 
996 |c M*ZP-621  |l MMSKP  |s P  |a 0  |w stu221021_0001